000 00554nam a2200193Ia 4500
008 240729s9999 xx 000 0 und d
022 _a2770-0208
245 0 _aOptics Continuum
260 _aUnited States
260 _bOptica Publishing Group
650 _a Applied optics. Photonics | Science
650 _a Engineering (General). Civil engineering (General)
650 _a Optics. Light
650 _a Physics
650 _aTechnology
856 _uhttps://doaj.org/toc/946d51c7fb50451580a773d52939a7c7
942 _2ddc
942 _cDOAJEJ
999 _c73030
_d73030
945 _a1
_bMadushi Gamage
_c1
_dMadushi Gamage